Karnataka state budgets: (Record no. 508053)

000 -LEADER
fixed length control field 00442nam a2200145 4500
008 - FIXED-LENGTH DATA ELEMENTS--GENERAL INFORMATION
fixed length control field 190306b ||||| |||| 00| 0 eng d
100 ## - MAIN ENTRY--PERSONAL NAME
Personal name Karnam, Gayithri
245 ## - TITLE STATEMENT
Title Karnataka state budgets:
Remainder of title how far they have promoted inclusiveness
260 ## - PUBLICATION, DISTRIBUTION, ETC. (IMPRINT)
Date of publication, distribution, etc 2018
300 ## - PHYSICAL DESCRIPTION
Extent p.24-42.
700 ## - ADDED ENTRY--PERSONAL NAME
Personal name Acharya, Vijeth
9 (RLIN) 3067
773 ## - HOST ITEM ENTRY
Main entry heading Journal of Social and Economic Development
906 ## - LOCAL DATA ELEMENT F, LDF (RLIN)
Subject DIP Budget - India - Karnataka
942 ## - ADDED ENTRY ELEMENTS (KOHA)
Source of classification or shelving scheme
Item type Articles
Holdings
Withdrawn status Lost status Source of classification or shelving scheme Damaged status Not for loan Permanent location Current location Date acquired Serial Enumeration / chronology Barcode Date last seen Koha item type
          Indian Institute of Public Administration Indian Institute of Public Administration 2019-03-06 (1), Apr, 2018: p.24- 42 AR119164 2019-03-06 Articles

Powered by Koha